|
|
|
|
| LEADER |
00000nab#a22000007a#4500 |
| 001 |
arbauad043614 |
| 003 |
AR-BaUAD |
| 005 |
20250711113401.0 |
| 008 |
000418|||||||||###||||||b###|0###a|spa|| |
| 040 |
|
|
|a AR-BaUAD
|c AR-BaUAD
|b spa
|
| 100 |
|
|
|a Rodriguez, Alicia
|
| 245 |
|
|
|a Preserving paradise /
|c Alicia Rodriguez;
|
| 300 |
0 |
|
|b fot., il.
|
| 653 |
|
|
|a PAISAJISMO
|
| 653 |
|
|
|a DISEÑO DEL PAISAJE
|
| 653 |
|
|
|a CONSERVACION
|
| 653 |
|
|
|a PLANIFICACION TERRITORIAL
|
| 653 |
|
|
|a PROYECTOS
|
| 653 |
|
|
|a PARQUES NACIONALES
|
| 653 |
|
|
|a BARBADOS
|
| 773 |
0 |
|
|t LANDSCAPE ARCHITECTURE
|g Nº3 [mar. 2000], p. 50-53
|
| 942 |
|
|
|c ARTI
|
| 952 |
|
|
|0 0
|1 0
|4 0
|7 0
|9 88533
|a AR-BAuAD
|b AR-BAuAD
|d 2025-07-11
|l 0
|p AAQA043614
|r 2025-07-11 11:34:01
|w 2025-07-11
|y ARTI
|
| 990 |
|
|
|a P200
|b TD
|
| 998 |
|
|
|a AAQ
|b BIBUN76
|
| 999 |
|
|
|c 68206
|d 68206
|